Fundamental aspects of the formation and development of the old English language; Лингвистические и культурологические традиции и инновации

Dades bibliogràfiques
Parent link:Лингвистические и культурологические традиции и инновации.— 2016.— [С. 45-46]
Autor principal: Ikonnikova P. K.
Autor corporatiu: Национальный исследовательский Томский политехнический университет (ТПУ)
Sumari:Заглавие с титульного экрана
Idioma:anglès
Publicat: 2016
Col·lecció:Актуальные направления исследований и подходы в современной лингвистике
Matèries:
Accés en línia:http://earchive.tpu.ru/handle/11683/37684
Format: MixedMaterials Electrònic Capítol de llibre
KOHA link:https://koha.lib.tpu.ru/cgi-bin/koha/opac-detail.pl?biblionumber=622397

MARC

LEADER 00000naa2a2200000 4500
001 622397
005 20231101133217.0
035 |a (RuTPU)RU\TPU\conf\21122 
035 |a RU\TPU\conf\21121 
090 |a 622397 
100 |a 20170328d2016 k y0rusy50 ba 
101 0 |a eng 
102 |a RU 
105 |a y z 101zy 
135 |a drgn ---uucaa 
181 0 |a i  
182 0 |a b 
200 1 |a Fundamental aspects of the formation and development of the old English language  |f P. K. Ikonnikova 
203 |a Текст  |c электронный 
225 1 |a Актуальные направления исследований и подходы в современной лингвистике 
230 |a 1 компьютерный файл (pdf; 400 Кb) 
300 |a Заглавие с титульного экрана 
320 |a [Библиогр.: с. 46 (2 назв.)] 
463 0 |0 (RuTPU)RU\TPU\conf\21107  |t Лингвистические и культурологические традиции и инновации  |o тезисы докладов XVI Международной научно-практической конференции, Томск, 11-13 октября 2016 г.  |f Национальный исследовательский Томский политехнический университет (ТПУ) ; под ред. Ю. В. Кобенко ; К. А. Гирфановой  |v [С. 45-46]  |d 2016 
610 1 |a труды учёных ТПУ 
610 1 |a электронный ресурс 
610 1 |a английский язык 
610 1 |a грамматика 
610 1 |a лексика 
610 1 |a древнеанглийский язык 
610 1 |a диалекты 
700 1 |a Ikonnikova  |b P. K. 
712 0 2 |a Национальный исследовательский Томский политехнический университет (ТПУ)  |c (2009- )  |2 stltpush  |3 (RuTPU)RU\TPU\col\15902 
801 2 |a RU  |b 63413507  |c 20170406  |g RCR 
856 4 |u http://earchive.tpu.ru/handle/11683/37684 
942 |c BK